<?xml version="1.0" encoding="UTF-8"?>
<collection xmlns="http://www.loc.gov/MARC21/slim">
 <record>
  <leader>01692nam a2200229Ia 4500</leader>
  <controlfield tag="001">CTU_166038</controlfield>
  <controlfield tag="008">210402s9999    xx            000 0 und d</controlfield>
  <datafield tag="020" ind1=" " ind2=" ">
   <subfield code="c">14.95</subfield>
  </datafield>
  <datafield tag="082" ind1=" " ind2=" ">
   <subfield code="a">822.33</subfield>
  </datafield>
  <datafield tag="082" ind1=" " ind2=" ">
   <subfield code="b">S527</subfield>
  </datafield>
  <datafield tag="100" ind1=" " ind2=" ">
   <subfield code="a">Shakespeare, William</subfield>
  </datafield>
  <datafield tag="245" ind1=" " ind2="0">
   <subfield code="a">Shakespeare :</subfield>
  </datafield>
  <datafield tag="245" ind1=" " ind2="4">
   <subfield code="b">the essential guide to the life and works of the Bard</subfield>
  </datafield>
  <datafield tag="245" ind1=" " ind2="0">
   <subfield code="c">Encyclopædia Britannica</subfield>
  </datafield>
  <datafield tag="260" ind1=" " ind2=" ">
   <subfield code="a">Hoboken, N.J.</subfield>
  </datafield>
  <datafield tag="260" ind1=" " ind2=" ">
   <subfield code="b">John Wiley &amp; Sons</subfield>
  </datafield>
  <datafield tag="260" ind1=" " ind2=" ">
   <subfield code="c">2007</subfield>
  </datafield>
  <datafield tag="520" ind1=" " ind2=" ">
   <subfield code="a">An authoritative, accessible overview of history's greatest literary figure. The great dramatist Ben Jonson wrote that William Shakespeare &quot;was not of an age, but for all time.&quot; In the nearly four centuries since his death, Shakespeare's plays still have a tremendous impact on everything from the classroom to popular culture. Now you can have at your fingertips all the vital details on the most influential writer in the history of the English language--straight from one of the most trusted sources of information in the world.  In Shakespeare, Encyclopaedia Britannica presents a concise and balanced overview of the Bard's life, work, and legacy. From his upbringing in Stratford to his early theater career in London, from his poetry and plays to the controversy surrounding his authorship, from his contemporaries and collaborators to his critics past and present, this comprehensive guide provides the necessary background to appreciate Shakespeare's unique place in world literature.</subfield>
  </datafield>
  <datafield tag="650" ind1=" " ind2=" ">
   <subfield code="a">Dramatists, English,Kịch, tiếng Anh,Shakespeare</subfield>
  </datafield>
  <datafield tag="650" ind1=" " ind2=" ">
   <subfield code="y">Early modern, 1500-1700,Đầu hiện đại, 1500-1700</subfield>
  </datafield>
  <datafield tag="904" ind1=" " ind2=" ">
   <subfield code="i">Năm</subfield>
  </datafield>
  <datafield tag="980" ind1=" " ind2=" ">
   <subfield code="a">Trung tâm Học liệu Trường Đại học Cần Thơ</subfield>
  </datafield>
 </record>
</collection>
